| 000 | 01050cam a2200325 a 4500 | ||
|---|---|---|---|
| 005 | 20260322212020.0 | ||
| 008 | data | ||
| 010 | _a 97013592 | ||
| 020 | _a0783552602 | ||
| 020 | _a9780783552606 | ||
| 040 |
_aDLC _cDLC _dDLC |
||
| 043 | _an-us-ny | ||
| 050 | 0 | 0 |
_aGV999 _b.U12 1997 |
| 082 | 0 | 0 |
_a796.342/09747/1 _221 |
| 092 | _a796.34 U12 1997 | ||
| 245 | 1 | 4 |
_aThe U.S. Open : _bgame, set, unmatched / _cRoger M. Williams & Time-Life Books. |
| 246 | 3 | _aUS Open | |
| 246 | 3 | _aUnited States Open | |
| 260 |
_a[Alexandria, Va.] : _bTime-Life Books, _cc1997. |
||
| 300 |
_a192 p. : _bcol. ill. ; _c31 cm. |
||
| 500 | _a"Photography credits": p. 190. | ||
| 500 | _aIncludes index. | ||
| 611 | 2 | 0 |
_aU.S. Open (Tennis tournament) _xHistory. |
| 700 | 1 |
_aWilliams, Roger M., _d1934- |
|
| 710 | 2 | _aTime-Life Books. | |
| 906 |
_a7 _bcbc _corignew _d1 _eocip _f19 _gy-gencatlg |
||
| 991 |
_bc-GenColl _hGV999 _i.U12 1997 _tCopy 1 _wBOOKS |
||
| 001 | data | ||
| 999 |
_c441 _d441 |
||